| 000 | 00390nam a22001577a 4500 | ||
|---|---|---|---|
| 003 | OSt | ||
| 005 | 20211027154315.0 | ||
| 008 | 211027b |||||||| |||| 00| 0 eng d | ||
| 020 | _a9780073383194 | ||
| 040 |
_aHU _cDDC |
||
| 082 | _a363.7 | ||
| 245 | _aPRINCIPLES OF ENVIROMENTAL SCIENCE | ||
| 260 |
_aBOSTON _bMCGRAW-HILL _c2009 |
||
| 300 |
_axxiii,390,P,40CM _bILL |
||
| 942 |
_2ddc _cBOOKS _n0 |
||
| 999 |
_c15329 _d15329 |
||